000 00445nam a2200169 i 4500
001 C2-0235878
003 PPAK
005 20180729161609.0
008 010923s1990 my |||| ||||| | may d
040 _aPPAK
_beng
_cPPAK
_erda
245 0 0 _aIstiadat mengangkat sumpah menteri kabinet 1986
264 1 _aKuala Lumpur :
_c1990
336 _2rdacontent
_atext
337 _2rdamedia
_aunmediated
338 _2rdacarrier
_avolume
942 _ddc
_cB
999 _c164799
_d164799